Statistiques concernant Personnages du Seigneur des Anneaux par images - Clic Quiz

Cliquez ici pour prendre le quiz!

Statistiques générales

  • Ce quiz a été pris 1 727 fois
  • Le résultat moyen est 25 sur 36

Statistiques - réponses

HintRéponse% Correct
Gollum
96%
Gandalf le Gris
95%
Frodon Sacquet
94%
Legolas Vertefeuille
92%
Saruman le Blanc
92%
Aragorn
91%
Bilbon Sacquet
88%
Gimli
88%
Boromir
85%
Samsagace Gamegie
84%
Meriadoc Brandebouc "Merry"
83%
Elrond
81%
Peregrin Touque "Pippin"
79%
Arwen
78%
Galadriel
75%
Sylvebarbe
74%
Éowyn
73%
Roi des Morts
72%
Gríma "Langue-de-Serpent"
72%
Roi Théoden
71%
Rose Chaumine
68%
Sauron
68%
Le Roi-Sorcier d'Angmar
64%
La Bouche de Sauron
64%
Faramir
64%
Déagol
62%
Éomer
60%
Isildur
59%
Le Fléau de Durin
55%
Denethor
51%
Gothmog
45%
Celeborn
40%
Lurtz
35%
Haldir
32%
Gamelin
31%
Háma
30%

Distribution des résultats

Percentile par nombre de réponses

% des personnes avec chaque résultat

Votre développement - résultats

Vous n’avez pas pris ce quiz